00514nam a2200169Ia 4500100001700000650002200017942000700039366000700046654002200053245003400075260002700109082001300136300000800149546002400157999001700181952014600198 aSung/Kelvin  aComputer graphics cBK f25 acomputer graphics aInteractive computer graphics bCengage Learningc2008 a6.6bSUN a546 aENGLISHcPAMPHALETS c33402d33402 001040708CRCaCRCEbCRCEd2023-03-17eDharma Enterprisesg296.25i524 dt 29/04/2010l0o6.6 SUNp20505r2023-03-17v395.00w0000-00-00yBK